Préfectures de France : Nevers - Statistiques

Statistiques générales
  • Ce quiz a été pris 61 fois
  • Le résultat moyen est 14 sur 26
Statistiques - réponses
Question Réponse % Correct
Quel numéro porte celui-ci ? 58
96%
De quel département est-ce la préfecture ? Nièvre
93%
A quelle région administrative appartient la ville depuis 2015 ? Bourgogne-Franche-Comté
91%
La ville appartient au diocèse de/d' Nevers
91%
La ville appartient à l'académie de/d' Dijon
84%
Comment se nomment ses habitants ? Neversois
82%
Sainte dont le corps est visible dans le couvent St Gildard Bernadette
67%
La ville est située au confluent de la Nièvre et de la / du Loire
62%
La couleur qui a fait la réputation de cette production est le/la/l' bleu
60%
Les communes limitrophes sont Varennes-Vauzelles
60%
Le principal journal local est Le Journal du Centre
58%
Les communes limitrophes sont Marzy
56%
Les communes limitrophes sont Coulanges-lès-Nevers
51%
Ancien maire de Nevers qui se suicide dans sa ville en 1993 (prénom et nom) Pierre Bérégovoy
51%
Quelles sont les sous-préfectures qui en dépendent ? Clamecy
49%
Quelles sont les sous-préfectures qui en dépendent ? Château-Chinon
47%
Depuis le XVIe siècle, la ville est connue comme centre de production de faïence
44%
Quel animal figure sur le blason de la ville ? Lion
44%
Quelles sont les sous-préfectures qui en dépendent ? Cosne-Cours-sur-Loire
42%
Les communes limitrophes sont Challuy
40%
Les communes limitrophes sont Saint-Éloi
33%
Les communes limitrophes sont Sermoise-sur-Loire
24%
En 992, la ville devient la capitale d'un fief, la/le ... de Nevers comté
18%
Le 1er évêque de la ville est Eulade
2%
Quel est le nom romain de la commune ? Noviodunum
2%
Mazarin érige le fief en duché pour son neveu nommé Philippe Mancini
2%
Aucun quiz correspondant
Distribution des résultats
% des personnes avec chaque résultat
Percentile par nombre de réponses
Votre historique - résultats
Vous n’avez pas pris ce quiz